000 00824cam a2200241 a 4500
001 000010532
005 20200929162238.0
008 721114s1948 cu 000 0 spa
040 _aDO-SdBNP
_bspa
_cDLC
_dBNPHU
082 _aCu864.42
_bP879p
100 1 _aPoveda, José Manuel,
_d1888-1926.
_925546
245 1 0 _aProemios de cenaculo :
_bEvocación de poveda /
_cJosé Manuel Poveda ; Rafael Estenger.
260 _aLa Habana, Cuba :
_bMinisterio de Educación, Dirección de Cultura,
_c1948.
300 _a166 p. ;
_c19 cm.
490 1 _aCuadernos de Cultura,
490 1 _aOctava,
_v3
650 4 _aEnsayos cubanos
_95691
650 4 _aLiteratura cubana
_91483
700 1 _aEstenger, Rafael
_925547
830 0 _aCuadernos de Cultura :
_pOctava,
_v3
_925548
910 _aCatalogación por copia / LC
049 _aBNGR
999 _c10290
_d10290